Responsabilidad solidaria y el levantamiento del velo en la jurisdiccin̤ social

Bibliographic Details
Main Author: Garca̕ Vicente, Jaume
Format: Unknown
Language:Spanish
Published: Barcelona : J.M. Bosch, 2003
Subjects:
Online Access:Acceso restringido

MARC

LEADER 00000ny a22000003n 4500
005 20110620145825.0
006 m u
007 cr cn|||||||||
008 080930s2003 sp 000 0 spa d
020 |a 9788476986981 
020 |a 9788476986981 
035 |a 238 
040 |a FlNmELB  |c FlNmELB  |d vlex 
080 |a 347.512 
090 |c 1364  |d 1364 
100 1 |a Garca̕ Vicente, Jaume 
245 1 0 |a Responsabilidad solidaria y el levantamiento del velo en la jurisdiccin̤ social  |h [Recurso electrn̤ico]  |c Jaume Garca̕ Vicente 
256 |a Servicio en ln̕ea 
260 |a Barcelona :  |b J.M. Bosch,  |c 2003 
300 |a p. ;  |c cm 
506 1 |a Contenido solo disponible en los productos indicados  |d vLex Global  |d vLex Global (Academic Edition, excluding Law Schools)  |d vLex Global (U.S. Academic Edition, Law Schools)  |d vLex Global (U.S. Academic Edition, excluding Law Schools)  |d vLex Global (Academic Edition, Law Schools) 
650 0 7 |a Derecho social  |2 Tesauro vLex 
650 0 7 |a Trabajo  |2 Tesauro vLex 
740 0 |a vLex Libros (Servicios en ln̕ea) 
856 4 0 |z Acceso restringido  |u http://vlex.com/source/238 
942 |c BOOK